[Event "Olomouc Chess Summer 2023 - D2"]
[Site "Olomouc (CZE), Hotel Flora"]
[Date "2023.08.13"]
[Round "2"]
[Board "15"]
[White "Kalveus, Jan"]
[Black "Milfort, Vaclav"]
[Result "1-0"]
[WhiteElo "1806"]
[BlackElo "1211"]
[PlyCount "0"]
[EventDate "2023.08.12"]
[EventRounds "9"]
[EventCountry "CZE"]

1. d4 d5 2. c4 e6 3. Nc3 Bb4 4. e3 Nf6 5. Bd3 Bxc3+ 6. bxc3 dxc4 7. Bxc4 Ne4 8. Qc2
Nd6 9. Bd3 f5 10. Nf3 Nc6 11. Ba3 a6 12. c4 b6 13. Rb1 Rb8 14. h4 h6 15. h5 Nf7 16.
Rd1 a5 17. Qc3 Qf6 18. Bc2 Bd7 19. Ba4 Nd6 20. Bb2 Ne4 21. Qc1 Qe7 22. a3 O-O 23.
Bc2 Be8 24. Bb3 Bf7 25. Ba4 Be8 26. Bb3 Bf7 27. d5 Rbd8 28. dxc6 Rxd1+ 29. Qxd1 Rd8
30. Qc2 Qd6 31. Ne5 Qd2+ 32. Qxd2 Rxd2 33. Bc1 Rxf2 34. Nxf7 Kxf7 35. Rg1 Kf6 36.
Bd1 Ra2 37. g4 Ra1 38. Bb2+  1-0

[Event "Olomouc Chess Summer 2023 - D2"]
[Site "Olomouc (CZE), Hotel Flora"]
[Date "2023.08.13"]
[Round "2"]
[Board "16"]
[White "Strakos, Jiri"]
[Black "Pesek, Petr"]
[Result "1/2-1/2"]
[WhiteElo "1648"]
[BlackElo "1927"]
[PlyCount "0"]
[EventDate "2023.08.12"]
[EventRounds "9"]
[EventCountry "CZE"]

1. d4 Nf6 2. c4 e5 3. dxe5 Ng4 4. Bf4 Nc6 5. Nf3 Bb4+ 6. Nc3 Qe7 7. Qd5 Bxc3+ 8.
bxc3 Qa3 9. Rc1 d6 10. exd6 Be6 11. Qd2 Rd8 12. e3 cxd6 13. Nd4 O-O 14. Nxe6 fxe6
15. Bd3 Qc5 16. O-O Nge5 17. Rfd1 Na5 18. Be2 Naxc4 19. Qd4 b5 20. Bxe5 Qxe5 21.
Qxe5 dxe5 22. Bxc4 bxc4  1/2-1/2

[Event "Olomouc Chess Summer 2023 - D2"]
[Site "Olomouc (CZE), Hotel Flora"]
[Date "2023.08.13"]
[Round "3"]
[Board "1"]
[White "Glatt, Gabor"]
[Black "Spanton, Tim R"]
[Result "1-0"]
[WhiteElo "2220"]
[BlackElo "1858"]
[PlyCount "0"]
[EventDate "2023.08.12"]
[EventRounds "9"]
[EventCountry "CZE"]

1. Nf3 d5 2. g3 Nc6 3. d4 Bf5 4. a3 Nf6 5. b4 a6 6. Bg2 Qd7 7. h3 e6 8. Nbd2 Be7
9. Bb2 O-O 10. O-O h6 11. Rc1 b5 12. Ne5 Nxe5 13. dxe5 Ne8 14. e4 dxe4 15. Nxe4 Rd8
16. Qe2 Bxe4 17. Bxe4 c5 18. Rfd1 Qc7 19. Rxd8 Qxd8 20. bxc5 Bxc5 21. c4 Qb6 22.
cxb5 axb5 23. Qc2 Bd4 24. Rd1 Bxb2 25. Qxb2 Nc7 26. Rd6 Qa5 27. Qb4 Qxb4 28. axb4
Rb8 29. f4 Kf8 30. Kf2 Ke7 31. Ke3 Ne8 32. Ra6 Rc8 33. Bc6 Nc7 34. Ra7 Kf8 35. Kd4
Nd5 36. Bxd5 Rd8 37. Ra8  1-0

[Event "Olomouc Chess Summer 2023 - D2"]
[Site "Olomouc (CZE), Hotel Flora"]
[Date "2023.08.13"]
[Round "3"]
[Board "2"]
[White "Kubicek, Antonin"]
[Black "Lepik, Jaroslav"]
[Result "1-0"]
[WhiteElo "2068"]
[BlackElo "1830"]
[PlyCount "0"]
[EventDate "2023.08.12"]
[EventRounds "9"]
[EventCountry "CZE"]

1. c4 e5 2. Nc3 Nf6 3. g3 c6 4. d4 exd4 5. Qxd4 Be7 6. Bg2 O-O 7. Nf3 d5 8. cxd5
Nxd5 9. Nxd5 Qxd5 10. Qxd5 cxd5 11. O-O Nc6 12. Be3 Bf6 13. Rad1 Bxb2 14. Rxd5 a6
15. Rd2 Bf6 16. Bb6 Be6 17. e3 Nb4 18. Nd4 Bxd4 19. Rxd4 Nc6 20. Rd2 Rac8 21. Rfd1
Bg4 22. f3 Be6 23. f4 Bg4 24. Re1 Rfe8 25. e4 g6 26. a3 Nb8 27. h3 Bd7 28. Rd6 Rc3
29. Re3 Rxe3 30. Bxe3 Rc8 31. e5 Rc3 32. Ba7 Nc6 33. Rxd7 Nxa7 34. Rxb7 Nb5 35. a4
Nd4 36. Bd5 Rxg3+ 37. Kf2 Ra3 38. Rxf7 Kh8 39. e6  1-0

[Event "Olomouc Chess Summer 2023 - D2"]
[Site "Olomouc (CZE), Hotel Flora"]
[Date "2023.08.13"]
[Round "3"]
[Board "3"]
[White "Groh, Jiri"]
[Black "Kalveus, Jan"]
[Result "1-0"]
[WhiteElo "2004"]
[BlackElo "1806"]
[PlyCount "0"]
[EventDate "2023.08.12"]
[EventRounds "9"]
[EventCountry "CZE"]

1. Nf3 Nf6 2. c4 e6 3. d4 d5 4. Bg5 Be7 5. Nc3 O-O 6. e3 b6 7. Be2 Bb7 8. O-O Nbd7
9. Qc2 h6 10. Bh4 a6 11. Rad1 Rc8 12. Ne5 dxc4 13. Bxc4 Nxe5 14. dxe5 Nd7 15. Bg3
b5 16. Bxe6 fxe6 17. Qg6 Rf7 18. Qxe6 Bf8 19. Qh3 Bc6 20. e6 Re7 21. exd7 Bxd7 22.
Qh5 c6 23. h3 Qe8 24. Qxe8 Bxe8 25. Bd6 Re6 26. Bxf8 Kxf8 27. Ne2 c5 28. Nf4 Rec6
29. e4 c4 30. Nd5 a5 31. a3 Bf7 32. f4 Rd6 33. Ne3 Rcd8 34. e5 Rxd1 35. Rxd1 Rxd1+
36. Nxd1 b4 37. axb4 axb4 38. Kf2 Ke7 39. Ke3 Ke6 40. Kd4 Kf5 41. g3 c3 42. bxc3
bxc3 43. Ne3+ Ke6 44. Kxc3 g6 45. Kd4 h5 46. g4 hxg4 47. hxg4 Be8 48. f5+ Ke7 49.
Nd5+ Kf7 50. e6+ Kg7 51. f6+  1-0

[Event "Olomouc Chess Summer 2023 - D2"]
[Site "Olomouc (CZE), Hotel Flora"]
[Date "2023.08.13"]
[Round "3"]
[Board "4"]
[White "Briza, Jiri"]
[Black "Kudrlicka, Ladislav"]
[Result "1/2-1/2"]
[WhiteElo "1830"]
[BlackElo "1993"]
[PlyCount "0"]
[EventDate "2023.08.12"]
[EventRounds "9"]
[EventCountry "CZE"]

1. e4 e5 2. Nf3 Nc6 3. d4 exd4 4. Nxd4 Qf6 5. Nxc6 Bc5 6. Qf3 dxc6 7. Qxf6 Nxf6 8.
Bd3 Be6 9. Nc3 h6 10. Bf4 O-O-O 11. f3 Nh5 12. Bd2 g5 13. g3 Rd7 14. O-O-O Rhd8 15.
a3 a6 16. Ne2 Bh3 17. f4 gxf4 18. Nxf4 Nxf4 19. Bxf4 h5 20. Bc4 Bg2 21. Rxd7 Rxd7
22. Rd1 Rxd1+ 23. Kxd1 Bxe4 24. Bxf7 Bf3+ 25. Kd2 Kd7 26. Bg6 Bd6 27. Ke3 Bd1 28.
Bf5+ Ke7 29. Bc8 b6 30. Bxa6 Bxc2 31. Bd3 Bb3 32. Bg6 Bd1 33. Be4 c5 34. Bf3 Bxf3
35. Kxf3 c4 36. Bxd6+ Kxd6 37. Ke4 b5 38. h3 c5 39. g4 hxg4 40. hxg4 b4 41. axb4
cxb4  1/2-1/2

[Event "Olomouc Chess Summer 2023 - D2"]
[Site "Olomouc (CZE), Hotel Flora"]
[Date "2023.08.13"]
[Round "3"]
[Board "5"]
[White "Titera, Libor"]
[Black "Heppell, Ian N"]
[Result "1/2-1/2"]
[WhiteElo "1760"]
[BlackElo "1946"]
[PlyCount "0"]
[EventDate "2023.08.12"]
[EventRounds "9"]
[EventCountry "CZE"]

1. e4 e5 2. d4 exd4 3. c3 d5 4. exd5 Qxd5 5. cxd4 Nc6 6. Be3 Nf6 7. Nf3 Bg4 8. Be2
Bb4+ 9. Nc3 O-O 10. O-O Qa5 11. Qc2 Rad8 12. a3 Be7 13. Rfd1 Nd5 14. Nxd5 Qxd5 15.
Rac1 Bf5  1/2-1/2

[Event "Olomouc Chess Summer 2023 - D2"]
[Site "Olomouc (CZE), Hotel Flora"]
[Date "2023.08.13"]
[Round "3"]
[Board "6"]
[White "Kolek, Josef"]
[Black "Marek, Jiri"]
[Result "0-1"]
[WhiteElo "1752"]
[BlackElo "1890"]
[PlyCount "0"]
[EventDate "2023.08.12"]
[EventRounds "9"]
[EventCountry "CZE"]

1. e4 c6 2. d4 d5 3. exd5 cxd5 4. c4 Nf6 5. Nc3 g6 6. Nf3 Bg7 7. Qb3 dxc4 8. Bxc4
O-O 9. Ne5 e6 10. Be3 Nc6 11. Nxc6 bxc6 12. O-O Nd5 13. Nxd5 cxd5 14. Be2 a5 15.
Rfc1 Ba6 16. Bxa6 Rxa6 17. Qd3 Rb6 18. b3 Qa8 19. Rab1 Qb7 20. Qd2 Rb4 21. Rc3 Qb6
22. a3 Rb5 23. Rd3 Qd6 24. Qa2 Rc8 25. g3 Bf8 26. Ra1 Qa6 27. Qd2 Rb6 28. Rc3 Rbc6
29. Rxc6 Rxc6 30. Ra2 Rb6 31. Qc3 Qb5 32. Bd2 Qxb3 33. Qxb3 Rxb3 34. Bxa5 Rxa3 35.
Rxa3 Bxa3 36. Bb6 Kf8 37. Kf1 Ke7 38. Ke2 Bb2 39. Kd3 e5 40. dxe5 Bxe5 41. h3 Ke6
42. g4 f5 43. f3 fxg4 44. hxg4 h5 45. gxh5 gxh5 46. Ke3 Kf5 47. Kf2 Bc3 48. Kg2 Kf4
49. Bf2 Bd2 50. Bg3+ Ke3 51. Bf2+ Ke2 52. Bd4 Bf4 53. Bf6 Bd2 54. Bd4 Kd3 55. Be5
Bc3 56. Bd6 Kc4 57. Kf1 d4 58. Ke2 d3+ 59. Ke3 h4 60. f4 h3 61. f5 Bf6 62. Bf4 Bg5
 0-1

[Event "Olomouc Chess Summer 2023 - D2"]
[Site "Olomouc (CZE), Hotel Flora"]
[Date "2023.08.13"]
[Round "3"]
[Board "7"]
[White "Sejkora, Vlastimil"]
[Black "Kubala, Karel"]
[Result "1-0"]
[WhiteElo "2139"]
[BlackElo "1747"]
[PlyCount "0"]
[EventDate "2023.08.12"]
[EventRounds "9"]
[EventCountry "CZE"]

1. c4 b6 2. Nc3 Bb7 3. e4 e5 4. d3 Nc6 5. Nf3 Bb4 6. Be2 Bxc3+ 7. bxc3 Nge7 8. d4
Ng6 9. h4 d6 10. d5 Na5 11. h5 Nf8 12. Bg5 f6 13. Be3 Bc8 14. Nd2 Nb7 15. a4 a5 16.
g3 Nd7 17. f4 exf4 18. gxf4 Qe7 19. Kf2 Ndc5 20. Qc2 Bd7 21. Bd3 O-O-O 22. Bd4 Rde8
23. f5 Qf7 24. Be2 g6 25. h6 Re7 26. Bf3 Rhe8 27. Rh4 Rg8 28. Bg4 gxf5 29. exf5 Qf8
30. Be3 Be8 31. Bf3 Bf7 32. Nb3 Re5 33. Nd4 Rg5 34. Bxg5 fxg5 35. Rhh1 Be8 36. Kg3
Nd7 37. Nc6 Rxf5 38. Qxf5  1-0

[Event "Olomouc Chess Summer 2023 - D2"]
[Site "Olomouc (CZE), Hotel Flora"]
[Date "2023.08.13"]
[Round "3"]
[Board "8"]
[White "Tylecek, Drahomir"]
[Black "Novotny, Jaroslav"]
[Result "1/2-1/2"]
[WhiteElo "1807"]
[BlackElo "1919"]
[PlyCount "0"]
[EventDate "2023.08.12"]
[EventRounds "9"]
[EventCountry "CZE"]

1. e4 c5 2. Nf3 Nc6 3. d4 cxd4 4. Nxd4 Nf6 5. Nc3 g6 6. Be3 Bg7 7. Rb1 O-O 8. Be2
d6 9. O-O Bd7 10. Qd2 Ng4 11. Bxg4 Bxg4 12. Nxc6 bxc6 13. Bh6  1/2-1/2

[Event "Olomouc Chess Summer 2023 - D2"]
[Site "Olomouc (CZE), Hotel Flora"]
[Date "2023.08.13"]
[Round "3"]
[Board "9"]
[White "Kulhavy, Frantisek"]
[Black "Dvorak, Vladimir"]
[Result "1/2-1/2"]
[WhiteElo "1801"]
[BlackElo "1864"]
[PlyCount "0"]
[EventDate "2023.08.12"]
[EventRounds "9"]
[EventCountry "CZE"]

1. e4 e6 2. d4 d5 3. exd5 exd5 4. Nf3 Bd6 5. Be2 Ne7 6. O-O O-O 7. Nc3 c6 8. h3 Ng6
9. Bd3 Nd7 10. Ne2 Nf6 11. Be3 Qc7 12. Qc1 Nh5 13. Re1 Bd7 14. c4 dxc4 15. Bxc4 Rae8
16. Qc2 Nhf4 17. Ng5 Ne6 18. Bxe6 Bxe6 19. h4 f6 20. Nxe6 Rxe6 21. h5 Nh4 22. Qc4
Rfe8 23. Nc3  1/2-1/2

[Event "Olomouc Chess Summer 2023 - D2"]
[Site "Olomouc (CZE), Hotel Flora"]
[Date "2023.08.13"]
[Round "3"]
[Board "10"]
[White "Mayer, Josef"]
[Black "Svub, Jan"]
[Result "1-0"]
[WhiteElo "1846"]
[BlackElo "1770"]
[PlyCount "0"]
[EventDate "2023.08.12"]
[EventRounds "9"]
[EventCountry "CZE"]

1. c4 e5 2. Nc3 Nc6 3. Nf3 g6 4. d4 exd4 5. Nxd4 Bg7 6. Nxc6 bxc6 7. g3 Ne7 8. Bg2
O-O 9. O-O d6 10. Bg5 Bd7 11. Qd2 Rb8 12. b3 Qe8 13. Bh6 Nf5 14. Bxg7 Nxg7 15. e4
Qe5 16. f4 Qc5+ 17. Qf2 Ne6 18. Rad1 Rbd8 19. f5 Qxf2+ 20. Rxf2 Ng7 21. g4 g5 22.
c5 Ne8 23. Rfd2 f6 24. Bf1 Kg7 25. Kf2 Rh8 26. Kg3 h5 27. h3 Kf7 28. Bc4+ Ke7 29.
Kg2 hxg4 30. hxg4 Rh4 31. Kg3 Kf8 32. e5 d5 33. e6 Bc8 34. Be2 Rh6 35. Bf3 Bb7 36.
Rd4 Rh8 37. Rb4 Rb8 38. Ne2 Ke7 39. Nd4 Ng7 40. Rxb7 Rxb7 41. Nxc6+ Ke8 42. Rxd5
Kf8 43. e7+ Kf7 44. Nd8+  1-0

[Event "Olomouc Chess Summer 2023 - D2"]
[Site "Olomouc (CZE), Hotel Flora"]
[Date "2023.08.13"]
[Round "3"]
[Board "11"]
[White "Fiser, Milos"]
[Black "Becvar, Miroslav"]
[Result "0-1"]
[WhiteElo "1794"]
[BlackElo "1841"]
[PlyCount "0"]
[EventDate "2023.08.12"]
[EventRounds "9"]
[EventCountry "CZE"]

1. d4 d5 2. Nf3 Nf6 3. e3 e6 4. a3 Nbd7 5. c4 c6 6. Nc3 Be7 7. Qc2 O-O 8. Bd3 Bd6
9. e4 dxc4 10. Bxc4 e5 11. Be3 Qc7 12. g3 h6 13. O-O Ng4 14. Rac1 Nb6 15. Ba2 Qe7
16. Qd3 g5 17. Ne2 Bd7 18. Rc2 Rae8 19. Nd2 Nf6 20. f3 Rd8 21. dxe5 Bxe5 22. Bc5
Qe8 23. Qe3 Bh3 24. Rfc1 Bd6 25. Bxb6 axb6 26. Qxb6 Qe7 27. Qe3 Nd7 28. Kh1 Bc7 29.
b4 Bb6 30. Qc3 Ne5 31. Nc4 Bc7 32. Ng1 Rd3 33. Qb2 Bc8 34. Kg2 g4 35. Rf1 Nxf3 36.
Re2 Ng5 37. e5 c5 38. Bb1 Rd4 39. Rf4 b5 40. Rxd4 cxd4 41. Nd6 Bxd6 42. exd6 Qxd6
43. Rd2 Bb7+ 44. Kf1 Rd8 45. Bd3 Qd5 46. Qb1 Nf3 47. Nxf3 Qxf3+ 48. Rf2 Qh1+ 49.
Ke2 Re8+ 50. Kd2 Qc6 51. Qb3 Re7 52. Be2 h5 53. Qd3 Qd5 54. Qc2 Qe5 55. Qd3 Be4 56.
Qxb5 Bd5 57. Qd3 Bf3 58. Rxf3 gxf3 59. Qxf3 Rc7 60. Qxh5 Qe3+ 61. Ke1 Rc1#  0-1

[Event "Olomouc Chess Summer 2023 - D2"]
[Site "Olomouc (CZE), Hotel Flora"]
[Date "2023.08.13"]
[Round "3"]
[Board "12"]
[White "Pokora, Lubomir"]
[Black "Fiser, Jiri"]
[Result "1-0"]
[WhiteElo "1756"]
[BlackElo "1821"]
[PlyCount "0"]
[EventDate "2023.08.12"]
[EventRounds "9"]
[EventCountry "CZE"]

1. Nf3 f5 2. b3 d6 3. Bb2 e5 4. e3 Nf6 5. c4 Nc6 6. Nc3 g6 7. d3 Bg7 8. a3 O-O 9.
Qc2 Bd7 10. Be2 Ne7 11. Nd2 a5 12. h3 g5 13. Rg1 Ng6 14. O-O-O c6 15. g4 f4 16. Nce4
Nxe4 17. Nxe4 d5 18. Nd2 b5 19. e4 Be6 20. f3 Qb6 21. Rde1 Rfb8 22. Kb1 Bf8 23. Rg2
Bc5 24. exd5 cxd5 25. cxd5 Bxd5 26. Ne4 Bxe4 27. dxe4 Rd8 28. Rd1 Rxd1+ 29. Qxd1
Rd8 30. Qf1 Rb8 31. Qd1 Bd4 32. Bxd4 exd4 33. Bd3 Ne5 34. Rc2 a4 35. b4 Qe6 36. Rc5
Rc8 37. Bxb5 Rxc5 38. bxc5 d3 39. Bxa4 Qc8 40. c6  1-0

[Event "Olomouc Chess Summer 2023 - D2"]
[Site "Olomouc (CZE), Hotel Flora"]
[Date "2023.08.13"]
[Round "3"]
[Board "13"]
[White "Mlynek, Petr"]
[Black "Zitek, Jiri"]
[Result "1-0"]
[WhiteElo "1973"]
[BlackElo "1623"]
[PlyCount "0"]
[EventDate "2023.08.12"]
[EventRounds "9"]
[EventCountry "CZE"]

1. d4 d6 2. Nf3 c6 3. c4 Nf6 4. Nc3 Nbd7 5. e4 e5 6. h3 Be7 7. Be3 O-O 8. Be2 Qc7
9. O-O Re8 10. Qc2 Nf8 11. d5 Ng6 12. Rfc1 Bf8 13. Qd2 Nh5 14. b4 Nhf4 15. c5 dxc5
16. bxc5 cxd5 17. exd5 Bxc5 18. Nb5 Bxe3 19. fxe3 Nxe2+ 20. Qxe2 Qb6 21. Nc7 Nf4
22. Qf2 Nd3 23. Nxa8 Qf6 24. Qh4 e4 25. Qxf6 gxf6 26. Nd4 Bxh3 27. Nc7 Rc8 28. gxh3
 1-0

[Event "Olomouc Chess Summer 2023 - D2"]
[Site "Olomouc (CZE), Hotel Flora"]
[Date "2023.08.13"]
[Round "3"]
[Board "14"]
[White "Hlousek, Milan"]
[Black "Lorenc, Oldrich"]
[Result "0-1"]
[WhiteElo "1740"]
[BlackElo "2043"]
[PlyCount "0"]
[EventDate "2023.08.12"]
[EventRounds "9"]
[EventCountry "CZE"]

1. e4 d6 2. d4 Nf6 3. Nc3 g6 4. Be3 c6 5. f3 b5 6. a3 Nbd7 7. Bd3 a6 8. Qd2 c5 9.
e5 cxd4 10. Bxd4 dxe5 11. Be3 Bb7 12. Nge2 Qc7 13. O-O-O Nc5 14. Kb1 Nxd3 15. Qxd3
Bg7 16. Ng3 O-O 17. h4 h5 18. Nge4 Rfd8 19. Qe2 Qc4 20. Qxc4 bxc4 21. Bb6 Rxd1+ 22.
Rxd1 Nxe4 23. fxe4 Bf6 24. g3 Bc6 25. Nd5 Bxd5 26. Rxd5 Rb8 27. Ba5 Rb5 28. Rd8+
Kg7 29. Bc3 Rc5 30. Ra8 Rc6 31. Rd8 e6 32. Ra8 Rd6 33. Bb4 Rd4 34. Bf8+ Kh7 35. Ra7
Kg8 36. Ra8 Rd8 37. Rxd8 Bxd8 38. Bd6 f6 39. Kc1 Bb6 40. Kd2 Bd4 41. b4 Kf7 42. Bc5
Ke8 43. a4 Kd7 44. Bf8 g5 45. hxg5 fxg5 46. Ke2 g4 47. Bh6 Kc6 48. Be3 Bc3 49. Bd2
Bd4 50. Be3 h4 51. gxh4 g3 52. Bxd4 exd4 53. h5 d3+ 54. cxd3 cxd3+  0-1

[Event "Olomouc Chess Summer 2023 - D2"]
[Site "Olomouc (CZE), Hotel Flora"]
[Date "2023.08.13"]
[Round "3"]
[Board "15"]
[White "Pesek, Petr"]
[Black "Svec, Jan"]
[Result "1-0"]
[WhiteElo "1927"]
[BlackElo "1708"]
[PlyCount "0"]
[EventDate "2023.08.12"]
[EventRounds "9"]
[EventCountry "CZE"]

1. e4 d5 2. exd5 Qxd5 3. d4 Nf6 4. Nf3 Bg4 5. Be2 e6 6. O-O Be7 7. Bf4 c6 8. c4 Qa5
9. Nc3 Nbd7 10. a3 O-O 11. b4 Qd8 12. h3 Bh5 13. Qb3 h6 14. Rad1 Nb6 15. Rfe1 Bd6
16. Bxd6 Qxd6 17. c5 Qd8 18. cxb6 Qxb6 19. Na4 Qc7 20. Nc5 Rad8 21. Ne5 Bxe2 22.
Rxe2 Rd5 23. Ne4 Nxe4 24. Rxe4 Rfd8 25. Nf3 Qb6 26. Ree1 a5 27. Qc3 axb4 28. Qxb4
Qxb4 29. axb4 Rb5 30. Rb1 Ra8 31. Rb2 Ra4 32. Reb1 f6 33. Kf1 Kf7 34. Ke2 Ke7 35.
Kd3 Rd5 36. Kc3 Ra3+ 37. Rb3 Ra2 38. R1b2 Ra1 39. b5 c5 40. Rd2 b6 41. Kb2 Ra5 42.
dxc5 Rxc5 43. Nd4 Ra8 44. Rc3 Rac8 45. Rdc2 Kd6 46. Rxc5 Rxc5 47. Rxc5 bxc5 48. Nxe6
Kxe6 49. Kc3 Kd5 50. h4 g5 51. hxg5 hxg5 52. g4 c4 53. b6 Kc6 54. Kxc4 Kxb6 55. Kd5
 1-0

[Event "Olomouc Chess Summer 2023 - D2"]
[Site "Olomouc (CZE), Hotel Flora"]
[Date "2023.08.13"]
[Round "3"]
[Board "16"]
[White "Prachar, Josef"]
[Black "Green, Per"]
[Result "0-1"]
[WhiteElo "1707"]
[BlackElo "1919"]
[PlyCount "0"]
[EventDate "2023.08.12"]
[EventRounds "9"]
[EventCountry "CZE"]

1. d4 Nf6 2. c4 e6 3. Nc3 Bb4 4. a3 Bxc3+ 5. bxc3 c5 6. f3 Nc6 7. e4 d6 8. Be3 b6
9. Bd3 Na5 10. Ne2 Ba6 11. e5 dxe5 12. dxc5 O-O 13. Qc2 Bxc4 14. Be4 Nxe4 15. Rd1
Bb3 16. Rxd8 Bxc2 17. Rxa8 Rxa8 18. fxe4 Nc4 19. Kf2 Bxe4 20. Ng3 Bd5 21. cxb6 axb6
22. Bc1 Nxa3 23. Re1 Nc4 24. Ne4 Ra2+ 25. Kg1 f5 26. Nf2 Rc2  0-1

[Event "Olomouc Chess Summer 2023 - D2"]
[Site "Olomouc (CZE), Hotel Flora"]
[Date "2023.08.14"]
[Round "4"]
[Board "1"]
[White "Groh, Jiri"]
[Black "Glatt, Gabor"]
[Result "1/2-1/2"]
[WhiteElo "2004"]
[BlackElo "2220"]
[PlyCount "0"]
[EventDate "2023.08.12"]
[EventRounds "9"]
[EventCountry "CZE"]

1. Nf3 Nf6 2. g3 g6 3. c4 Bg7 4. Bg2 O-O 5. O-O d6 6. Nc3 e5 7. d4 Nbd7 8. h3 c6
9. dxe5 dxe5 10. Be3 Qe7 11. Qc1 Re8 12. Bh6 Bh8 13. Rd1 Nb6 14. b3 Bd7 15. a4 Rad8
16. Ra2 Qb4 17. a5 Nc8 18. Ra4 Qe7 19. Ra2 Qb4 20. Ra4 Qe7 21. Ra2 Qb4 22. Ra4  1/2-1/2

[Event "Olomouc Chess Summer 2023 - D2"]
[Site "Olomouc (CZE), Hotel Flora"]
[Date "2023.08.14"]
[Round "4"]
[Board "2"]
[White "Marek, Jiri"]
[Black "Kubicek, Antonin"]
[Result "1/2-1/2"]
[WhiteElo "1890"]
[BlackElo "2068"]
[PlyCount "0"]
[EventDate "2023.08.12"]
[EventRounds "9"]
[EventCountry "CZE"]

1. e4 c5 2. Nf3 b6 3. d4 cxd4 4. Bc4 e6 5. Qe2 Nc6 6. O-O g6 7. Rd1 Bg7 8. c3 a6
9. cxd4 b5 10. Bb3 Na5 11. Bc2 Bb7 12. Nc3 d6 13. Bf4 b4 14. Na4 Nf6 15. Rac1 h6
16. Bd2 Rb8 17. b3 Bc6 18. Nb2 O-O 19. Bd3  1/2-1/2

[Event "Olomouc Chess Summer 2023 - D2"]
[Site "Olomouc (CZE), Hotel Flora"]
[Date "2023.08.14"]
[Round "4"]
[Board "3"]
[White "Becvar, Miroslav"]
[Black "Sejkora, Vlastimil"]
[Result "0-1"]
[WhiteElo "1841"]
[BlackElo "2139"]
[PlyCount "0"]
[EventDate "2023.08.12"]
[EventRounds "9"]
[EventCountry "CZE"]

1. d4 g6 2. Nf3 Bg7 3. e4 d6 4. c3 Nf6 5. Bd3 Nc6 6. O-O O-O 7. Bg5 h6 8. Bc1 a6
9. Nbd2 e5 10. d5 Ne7 11. Re1 Ne8 12. c4 f5 13. g3 Nf6 14. Nf1 fxe4 15. Bxe4 Nxe4
16. Rxe4 Bf5 17. N1d2 Bxe4 18. Nxe4 Qd7 19. Be3 Rf7 20. Nh4 Raf8 21. Qe2 g5 22. Ng2
Qf5 23. Bd2 Qh3 24. Ne3 Bf6 25. Rf1 Qd7 26. b3 Nf5 27. Nxf5 Qxf5 28. Kg2 Be7 29.
Bb4 Qg6 30. Bd2 g4 31. Qe3 Rf3 32. Qe2 Kg7 33. Bc1 h5 34. Rh1 Qxe4  0-1

[Event "Olomouc Chess Summer 2023 - D2"]
[Site "Olomouc (CZE), Hotel Flora"]
[Date "2023.08.14"]
[Round "4"]
[Board "4"]
[White "Kudrlicka, Ladislav"]
[Black "Titera, Libor"]
[Result "1-0"]
[WhiteElo "1993"]
[BlackElo "1760"]
[PlyCount "0"]
[EventDate "2023.08.12"]
[EventRounds "9"]
[EventCountry "CZE"]

1. d4 e6 2. Nf3 Nf6 3. Bg5 h6 4. Bh4 d5 5. e3 Be7 6. Nbd2 O-O 7. Bd3 Nbd7 8. O-O
c5 9. c3 Re8 10. Ne5 Nxe5 11. dxe5 Nd7 12. Bxe7 Qxe7 13. f4 f5 14. g4 c4 15. Bc2
Nc5 16. gxf5 exf5 17. Nf3 Be6 18. Nd4 Ne4 19. Bxe4 dxe4 20. Qh5 Rf8 21. Kh1 Qe8 22.
Qh4 a6 23. Rg1 Kh7 24. Rg3 Rc8 25. Rag1 Rc7 26. Rg6 Bc8 27. Qh5 Re7 28. e6 Rg8 29.
Nxf5 Bxe6 30. Qxh6+  1-0

[Event "Olomouc Chess Summer 2023 - D2"]
[Site "Olomouc (CZE), Hotel Flora"]
[Date "2023.08.14"]
[Round "4"]
[Board "5"]
[White "Heppell, Ian N"]
[Black "Briza, Jiri"]
[Result "1/2-1/2"]
[WhiteElo "1946"]
[BlackElo "1830"]
[PlyCount "0"]
[EventDate "2023.08.12"]
[EventRounds "9"]
[EventCountry "CZE"]

1. e4 e5 2. Nf3 Nc6 3. d4 exd4 4. Bc4 Bc5 5. c3 d3 6. Qxd3 d6 7. b4 Bb6 8. a4 a5
9. b5 Nce7 10. O-O Bg4 11. Rd1 Nf6 12. Nbd2 O-O 13. h3 Bh5 14. g4 Bg6 15. Ba3 Re8
16. Qe2 Qd7 17. Nh2 Rad8 18. Qf3 Qc8 19. Nhf1 d5 20. exd5 Nexd5 21. Re1 Qd7  1/2-1/2

[Event "Olomouc Chess Summer 2023 - D2"]
[Site "Olomouc (CZE), Hotel Flora"]
[Date "2023.08.14"]
[Round "4"]
[Board "6"]
[White "Pokora, Lubomir"]
[Black "Mayer, Josef"]
[Result "0-1"]
[WhiteElo "1756"]
[BlackElo "1846"]
[PlyCount "0"]
[EventDate "2023.08.12"]
[EventRounds "9"]
[EventCountry "CZE"]

1. e4 g6 2. d4 Bg7 3. Nc3 d6 4. g3 Nf6 5. Bg2 O-O 6. h3 Nc6 7. Nge2 e5 8. Be3 exd4
9. Nxd4 Bd7 10. O-O Re8 11. Qd2 Qc8 12. Kh2 a6 13. a4 Ne5 14. b3 c5 15. Nde2 Bxh3
16. Qxd6 Neg4+ 17. Kg1 Bxg2 18. Kxg2 Nxe3+ 19. fxe3 Nxe4 20. Qd3 Nxc3 21. Nxc3 Qe6
22. e4 Bxc3 23. Qxc3 Qxe4+ 24. Kg1 Qe3+ 25. Qxe3 Rxe3 26. Kg2 Re2+ 27. Rf2 Rxf2+
28. Kxf2 Rd8 29. Ke2 f5 30. Rf1 Kg7 31. c4 a5 32. Rf3 h5 33. Re3 Kf6 34. Kf3 Rd2
35. Rc3 g5 36. Ke3 Rd4 37. Kf3 b6 38. Re3 g4+ 39. Kf2 Rd2+ 40. Ke1 Rb2 41. Rd3 Ke5
 0-1

[Event "Olomouc Chess Summer 2023 - D2"]
[Site "Olomouc (CZE), Hotel Flora"]
[Date "2023.08.14"]
[Round "4"]
[Board "7"]
[White "Lorenc, Oldrich"]
[Black "Tylecek, Drahomir"]
[Result "1-0"]
[WhiteElo "2043"]
[BlackElo "1807"]
[PlyCount "0"]
[EventDate "2023.08.12"]
[EventRounds "9"]
[EventCountry "CZE"]

1. e4 e5 2. Nf3 Nc6 3. Bc4 Nf6 4. d3 Bc5 5. O-O d6 6. c3 a6 7. b4 Ba7 8. Qb3 Qe7
9. a4 h6 10. a5 O-O 11. h3 Be6 12. Be3 Nh5 13. Bxa7 Nxa7 14. Bxe6 fxe6 15. Nbd2 Nf4
16. d4 Nc6 17. Kh2 Kh7 18. g3 Ng6 19. dxe5 Ncxe5 20. Nxe5 dxe5 21. Qd1 Rad8 22. Qe2
Qd7 23. Nb3 Qd3 24. Qxd3 Rxd3 25. Rac1 Rff3 26. Nc5 Rxc3 27. Kg2 b6 28. Nxa6 bxa5
29. bxa5 Rxc1 30. Rxc1 Ra3 31. Rc5 Ra4 32. Nxc7 Rxe4 33. Nxe6 Ra4 34. Rc7 h5 35.
Nxg7 Rxa5 36. Nxh5+ Kh6 37. Nf6 Kg5 38. Nh7+ Kf5 39. Rf7+ Ke4 40. h4  1-0

[Event "Olomouc Chess Summer 2023 - D2"]
[Site "Olomouc (CZE), Hotel Flora"]
[Date "2023.08.14"]
[Round "4"]
[Board "8"]
[White "Kalveus, Jan"]
[Black "Mlynek, Petr"]
[Result "0-1"]
[WhiteElo "1806"]
[BlackElo "1973"]
[PlyCount "0"]
[EventDate "2023.08.12"]
[EventRounds "9"]
[EventCountry "CZE"]

1. d4 d5 2. c4 c6 3. Nc3 e6 4. e3 Nf6 5. Nf3 Nbd7 6. Bd3 dxc4 7. Bxc4 b5 8. Bd3 a6
9. O-O c5 10. Qe2 Bb7 11. Rd1 Qc7 12. a4 c4 13. Bb1 b4 14. Na2 a5 15. Bd2 Be7 16.
Be1 O-O 17. Nc1 Rfc8 18. b3 c3 19. Ra2 Be4 20. Bxe4 Nxe4 21. Rc2 Qb7 22. h3 f5 23.
Nh2 Bd6 24. f3 Nef6 25. Nf1 Nb6 26. Qb5 Qd5 27. Qxb6 Rcb8 28. e4 fxe4 29. Ne3 Rxb6
30. Nxd5 exd5 31. fxe4 dxe4 32. Bf2 Re8 33. Re1 Bf4 34. Be3 Nd5 35. Bxf4 Nxf4 36.
Re3 Rd6 37. Rf2 g5 38. h4 Rxd4 39. hxg5 Nd5 40. Re1 e3 41. Rf3 c2 42. Ne2 Rd1 43.
Rff1 Rxe1 44. Rxe1 Rc8 45. Rc1 Kg7 46. Nd4 Kg6 47. Rxc2 Rxc2 48. Nxc2 Kf5 49. Kf1
Ke4 50. Ke2 Nf4+ 51. Kf1 Kd3 52. Ne1+ Kd2 53. Nf3+ Kd1 54. g3 e2+ 55. Kf2 Nd3+ 56.
Ke3 e1=Q+ 57. Nxe1 Nxe1 58. Kd4 Kc2 59. Kc4 Nf3  0-1